Kinderbücher nach Charakteren #2 (Auswähl-Quiz) - Statistiken

Allgemein
  • Dieses Quiz wurde 24 mal gespielt
  • Das Durchschnittsergebnis liegt bei 24 aus 48
Antwortstatistiken
Frage Kachel Select % Korrekt
Gregs Tagebuch Gregory Heffley Ja
91%
Gregs Tagebuch Charlie Heffley Nein
82%
Gregs Tagebuch Linda Hills Nein
77%
Gregs Tagebuch Manni Heffley Ja
77%
Rennschwein Rudi Rüssel Toni Nein
77%
Gregs Tagebuch Jason Heffley Nein
73%
Rennschwein Rudi Rüssel Leoni Nein
73%
Das fliegende Klassenzimmer Markus von Theumer Nein
73%
Gregs Tagebuch Rodrick Jefferson Nein
73%
Gregs Tagebuch Rupert Jefferson Ja
73%
Gregs Tagebuch Susan Heffley Ja
73%
Rennschwein Rudi Rüssel Rudi Ja
68%
Gregs Tagebuch Henry Heffley Nein
64%
Gregs Tagebuch Ron Heffley Nein
64%
Gregs Tagebuch Holly Hills Ja
59%
Der kleine Vampir Isabella Bohnsack Nein
59%
Rennschwein Rudi Rüssel Matthias Nein
59%
Der kleine Vampir Tante Petunia Nein
59%
Das fliegende Klassenzimmer Max Pichelstein Nein
55%
Das fliegende Klassenzimmer Anton Gast Nein
50%
Rennschwein Rudi Rüssel Karli Nein
50%
Das fliegende Klassenzimmer Martin Thaler Ja
50%
Der kleine Vampir Rüdiger von Schlotterstein Ja
50%
Der kleine Vampir Tante Mathilda Nein
50%
Das fliegende Klassenzimmer Ulrich von Simmern Ja
50%
Das fliegende Klassenzimmer Eduard Schulze Nein
45%
Das fliegende Klassenzimmer Emil Tischbein Nein
45%
Das fliegende Klassenzimmer Justus Bökh Ja
45%
Der kleine Vampir Lumpi von Schlotterstein Ja
45%
Der kleine Vampir Cyprinus von Schlotterstein Nein
41%
Das fliegende Klassenzimmer Matthias Selbmann Ja
41%
Das fliegende Klassenzimmer Theo Lemke Nein
41%
Der kleine Vampir Anna von Schlotterstein Ja
36%
Der kleine Vampir Anton Bohnsack Ja
36%
Rennschwein Rudi Rüssel Leni Nein
36%
Der kleine Vampir Thomas Bohnsack Nein
36%
Rennschwein Rudi Rüssel Fritzi Nein
32%
Der kleine Vampir Helga Bohnsack Ja
32%
Das fliegende Klassenzimmer Johnny Trotz Ja
32%
Rennschwein Rudi Rüssel Malte Ja
32%
Rennschwein Rudi Rüssel Moritz Ja
32%
Das fliegende Klassenzimmer Sebastian Frank Ja
32%
Der kleine Vampir Tante Dorothee Ja
32%
Rennschwein Rudi Rüssel Tobi Ja
32%
Rennschwein Rudi Rüssel Betti Ja
27%
Der kleine Vampir Silvania von Schlotterstein Nein
27%
Rennschwein Rudi Rüssel Zuppi Ja
27%
Gregs Tagebuch Robert Jefferson Ja
23%
Keine übereinstimmenden Quizze gefunden
Verteilung der Resultate
Anzahl Personen mit jedem Resultat
Perzentil nach korrekt beantworteten Fragen
Ihre Resultats-Entwicklung
Sie haben dieses Quiz noch nicht gespielt